| 000 | 00789nam a2200193 i 4500 | ||
|---|---|---|---|
| 001 | 38058 | ||
| 003 | ES-MaACL | ||
| 005 | 20230906155704.0 | ||
| 007 | t| | ||
| 008 | 030224s1886 sp ||||1| spa d | ||
| 100 | 1 |
_aCalabuig y Carra, Vicente. _933509 |
|
| 245 | 1 | 0 | _aDiscurso leído por el socio Vicente Calabuig y Carra en la sesión inaugural del curso de 1886 a 1887 del Ateneo Científico, Literario y Artístico de Valencia. |
| 260 |
_aValencia : _bImprenta y Librería de Ramón Ortega, _c1886. |
||
| 300 |
_a28 p. ; _c25 cm. |
||
| 500 | _aTít. en portadilla ant. al texto: "Concepto y fines de la sociedad científica" | ||
| 710 | 2 |
_aAteneo Científico-Literario de Valencia. _9170945 |
|
| 740 | 0 | _aConcepto y fines de la sociedad científica. | |
| 852 |
_aES-MaACL _jT-451-F-3 |
||
| 999 |
_c38058 _d38058 |
||